000 00782nam a22002777a 4500
003 CHAP
005 20220817041506.0
008 971013s1963 r 00010 d
010 _a16023
011 _a16995
035 _a21077
040 _cCHAP
082 _a636.5
_bB5 1963
100 0 0 _aBiddle, George H.
_912616
245 _aApproved practices in poultry production;
250 _a3 ed.
260 _aDanville, Ill. :
_bInterstate,
_c1963
300 _a332 p.
_b: ilus.
590 _aBATCH-UPD
_b10
_c20130110
_lUCH01
_h2030
590 _aCONVERSION
_b10
_c20130109
_lUCH01
_h1310
650 1 4 _aAvicultura.
700 0 _aJuergenson, Elwood M.
_962280
901 _aBK
942 _cLIBRO
949 _a636.5 B5 1963
_bBC
_cLIBRO
_d33724000101606
_eLIBRO
_h39825
_i21077
_mD
_si
999 _c16023
_d16023